000 00217nam a22000857a 4500
008 160916b xxu||||| |||| 00| 0 eng d
100 _9560
_aGoscinny R
245 _aThe olympic games
260 _aUSA
_bOrion publication
_c2004
999 _c3217
_d3217